Conceptual physics : (Record no. 29773)
[ view plain ]
| 000 -LEADER | |
|---|---|
| fixed length control field | 00546 a2200169 4500 |
| 020 ## - INTERNATIONAL STANDARD BOOK NUMBER | |
| International Standard Book Number | 032100972X |
| 020 ## - INTERNATIONAL STANDARD BOOK NUMBER | |
| International Standard Book Number | 9780321009722 |
| 082 04 - DEWEY DECIMAL CLASSIFICATION NUMBER | |
| Classification number | 530 |
| 090 ## - LOCALLY ASSIGNED LC-TYPE CALL NUMBER (OCLC); LOCAL CALL NUMBER (RLIN) | |
| -- | 1160 |
| -- | 1160 |
| 100 1# - MAIN ENTRY--PERSONAL NAME | |
| Personal name | Hewitt, Paul G. |
| 245 10 - TITLE STATEMENT | |
| Title | Conceptual physics : |
| Remainder of title | practicing physics / |
| Statement of responsibility, etc. | Paul G. Hewitt. |
| 260 ## - PUBLICATION, DISTRIBUTION, ETC. | |
| Place of publication, distribution, etc. | [S.l.] : |
| Name of publisher, distributor, etc. | Addison-Wesley, |
| Date of publication, distribution, etc. | 2006. |
| 300 ## - PHYSICAL DESCRIPTION | |
| Extent | 107 p. ; |
| Dimensions | 28 cm. |
| 700 ## - ADDED ENTRY--PERSONAL NAME | |
| Personal name | Hewitt, Paul G. |
| 942 ## - ADDED ENTRY ELEMENTS (KOHA) | |
| Institution code [OBSOLETE] | SNS |
| Koha item type | Book |
| Call number prefix | 530 HEW |
| Withdrawn status | Lost status | Damaged status | Not for loan | Permanent Location | Current Location | Date acquired | Total Checkouts | Total Renewals | Full call number | Barcode | Date last seen | Date last checked out | Price effective from | Koha item type |
|---|---|---|---|---|---|---|---|---|---|---|---|---|---|---|
| School of Natural Sciences (SNS) | School of Natural Sciences (SNS) | 05/26/2016 | 1 | 3 | 530 HEW | SNS0001486 | 02/28/2022 | 11/25/2021 | 05/26/2016 | Book |
